000 00330nam a2200157Ia 4500
100 _aAnderson Don
250 _a2
942 _cBK
654 _aComputer
245 _aPCMCIA Systems Architecture
260 _bAddison Wesley Pub
_aMumbai
_c1995
082 _a4.64
_bAND
300 _a439
546 _aENGLISH
999 _c28277
_d28277